00596nam a2200157Ia 4500082001800000100002200018245012700040260003800167300001000205650003300215650003000248650002500278650004400303650005400347650003700401 a351.082 CHA-; aChaturvedi, Geeta 0aWomen administrators of India: a study of the socio-economic background and attitudes of women administrators of Rajasthan aJaipurbR.B.S.A. Publishersc1985 a328p. aWomen - Sociological aspects aWomen studies - Rajasthan aWomen administrators aWomen administrators - Economic aspects aWomen administrators - Social aspects - Rajasthan aWomen in development - Rajasthan